| 000 | 004970000a22001930004500 | ||
|---|---|---|---|
| 003 | LK-CoMWRAF | ||
| 005 | 20231103025835.0 | ||
| 008 | 230817t ||||| |||| 00| 0 eng d | ||
| 020 | _a8178980517 | ||
| 040 |
_aLK-CoMWRAF _dLK-CoMWRAF _eLK-CoMWRAF |
||
| 041 | _aeng | ||
| 082 |
_a823 _bKHA |
||
| 100 | _aKhan, Saniyasnain | ||
| 245 |
_aThe Ant's panic : _bQuran stories for little hearts |
||
| 260 |
_aNew Delhi : _bGoodword, _c2005 |
||
| 300 | _a23p | ||
| 650 | _aChildren Stories | ||
| 942 | _cBK | ||
| 999 |
_c920 _d920 |
||